[Event "ROM-ch U08"]
[Site "Calimanesti Caciulata"]
[Date "2016.04.18"]
[Round "1"]
[White "Ciobanu, Sebastian Andrei"]
[Black "Buzuriu, Razvan Florin"]
[Result "0-1"]
[WhiteElo "1001"]
[BlackElo "1194"]
[PlyCount "36"]
[EventDate "2016.04.18"]
[EventType "swiss"]
[EventRounds "9"]
[EventCountry "ROU"]
[SourceTitle "CBM 172 Extra"]
[Source "ChessBase"]
[SourceDate "2016.06.21"]
[SourceVersion "1"]
[SourceVersionDate "2016.06.21"]
[SourceQuality "1"]

1. e4 e5 2. Nf3 Nc6 3. Bc4 Bc5 4. 0-0 Nf6 5. Nc3 d6 6. d3 a6 7. Ng5 0-0 8. Bd2 h6 9. Nf3 Bg4 10. h3 Bh5 11. Qe2 Nd4 12. Qd1 Kh7 13. Be3 Nxf3+ 14. gxf3 Bxe3 15. fxe3 Nd7 16. Qe2 f5 17. Qg2 Rf6 18. exf5 Rxf5 0-1